[Event "13th EICC"]
[Site "Plovdiv BUL"]
[Date "2012.03.25"]
[Round "6.39"]
[White "Potkin, Vladimir"]
[Black "Szabo, Gergely-Andras-Gyula"]
[Result "1/2-1/2"]
[WhiteTitle "GM"]
[BlackTitle "GM"]
[WhiteElo "2669"]
[BlackElo "2553"]
[WhiteFideId "4131061"]
[BlackFideId "1205064"]
[EventDate "2012.03.20"]
[EventType "swiss"]

1. d4 Nf6 2. c4 e6 3. Nf3 d5 4. Nc3 Bb4 5. e3 O-O 6. Bd3 c5 7. O-O cxd4 8. exd4
dxc4 9. Bxc4 b6 10. Bg5 Bb7 11. Bd3 Nbd7 12. Rc1 Rc8 13. Bh4 Re8 14. Re1 Nf8 15.
a3 Bxc3 16. bxc3 Ng6 17. Bxg6 hxg6 18. Ne5 Qd6 19. c4 Nd7 20. c5 Qd5 21. f3 Nxe5
22. Rxe5 Qd7 23. Re1 e5 24. cxb6 axb6 25. dxe5 Qxd1 26. Rcxd1 Rc3 27. e6 Rxe6
28. Rd8+ Kh7 29. Rd7 Bc8 30. Rxf7 Rxe1+ 31. Bxe1 Rxa3 32. Rc7 Ra1 33. Kf2 Ba6
34. g4 Ra2+ 35. Kg3 g5 36. Bf2 Bf1 37. Rc1 Be2 38. Rc3 b5 39. Rc5 Ra3 40. Rf5 b4
41. Bc5 Ra5 42. Bxb4 Rxf5 43. gxf5 g6 44. f6 Bc4 45. Kg4 Bb3 46. Kxg5 Bc4 47.
Kf4 Bb3 48. Ke5 Ba2 49. Kd6 Kg8 50. Ke7 Bb3 51. Bd2 Ba2 52. h4 Bb3 53. Be3 Ba2
54. f4 Bb3 55. f5 Bf7 56. fxg6 Bxg6 57. Bd2 Bh5 58. Ke6 Bg6 59. Bc1 Bh5 60. Kf5
Kf7 61. Kg5 Bg6 62. Bb2 Bc2 63. h5 Bd3 64. h6 Bc2 65. Be5 Bb1 66. Bg3 Bc2 67.
Bh4 Bb1 68. Kf4 Bc2 69. Ke5 Bh7 70. Kd6 Bb1 1/2-1/2

[Event "13th EICC"]
[Site "Plovdiv BUL"]
[Date "2012.03.25"]
[Round "6.41"]
[White "Saric, Ivan"]
[Black "Nikolov, Momchil"]
[Result "1-0"]
[WhiteTitle "GM"]
[BlackTitle "GM"]
[WhiteElo "2649"]
[BlackElo "2550"]
[WhiteFideId "14508150"]
[BlackFideId "2905710"]
[EventDate "2012.03.20"]
[EventType "swiss"]

1. e4 c5 2. Nf3 e6 3. d4 cxd4 4. Nxd4 Qb6 5. Nc3 Bc5 6. Na4 Qa5+ 7. c3 Bxd4 8.
Qxd4 Nf6 9. Nc5 O-O 10. f3 Nc6 11. Qf2 b6 12. b4 Nxb4 13. Nb3 Qa4 14. cxb4 Qxb4+
15. Qd2 Qe7 16. a4 Nxe4 17. fxe4 Qh4+ 18. Qf2 Qxe4+ 19. Qe3 Qg6 20. Bd3 f5 21.
O-O Bb7 22. Rf2 Rac8 23. Bb2 1-0

[Event "13th EICC"]
[Site "Plovdiv BUL"]
[Date "2012.03.25"]
[Round "6.42"]
[White "Safarli, Eltaj"]
[Black "Papp, Gabor1"]
[Result "1/2-1/2"]
[WhiteTitle "GM"]
[BlackTitle "GM"]
[WhiteElo "2645"]
[BlackElo "2551"]
[WhiteFideId "13402129"]
[BlackFideId "718602"]
[EventDate "2012.03.20"]
[EventType "swiss"]

1. e4 e5 2. Nf3 Nf6 3. Nxe5 d6 4. Nf3 Nxe4 5. Nc3 Nxc3 6. dxc3 Be7 7. Be3 Nc6 8.
Qd2 O-O 9. O-O-O Ne5 10. Kb1 c6 11. Nxe5 dxe5 12. Bd3 Be6 13. Qe2 Qa5 14. c4
Rfe8 15. g4 b5 16. Bd2 Bb4 17. Bxb4 Qxb4 18. a3 Qc5 19. cxb5 cxb5 20. f3 Rab8
21. h4 b4 22. a4 Rbd8 23. Qe4 g6 24. Bb5 Rf8 25. h5 Rd4 26. Rxd4 Qxd4 27. Re1
Rd8 28. Bd3 b3 29. Qxd4 exd4 30. cxb3 Bxb3 31. Re7 a5 32. Re5 Rd5 33. Rxd5 Bxd5
34. Be4 Bb3 35. Bc2 Bd5 36. Be4 Bb3 37. Bc2 Bd5 1/2-1/2

[Event "13th EICC"]
[Site "Plovdiv BUL"]
[Date "2012.03.25"]
[Round "6.43"]
[White "Maiorov, Nikita1"]
[Black "Iordachescu, Viorel"]
[Result "1/2-1/2"]
[WhiteTitle "GM"]
[BlackTitle "GM"]
[WhiteElo "2552"]
[BlackElo "2644"]
[WhiteFideId "13501720"]
[BlackFideId "13900200"]
[EventDate "2012.03.20"]
[EventType "swiss"]

1. d4 Nf6 2. c4 e6 3. Nc3 Bb4 4. e3 O-O 5. Bd3 d5 6. Nf3 c5 7. O-O dxc4 8. Bxc4
cxd4 9. exd4 a6 10. a4 Nc6 11. Bg5 h6 12. Bh4 Be7 13. Re1 Bd7 14. Qe2 Nh5 15.
Bxe7 Nxe7 16. Ne5 Nf6 17. Red1 Be8 18. Qf3 Qc7 19. Ne4 Nxe4 20. Qxe4 Rd8 21. a5
Nd5 22. Bd3 Nf6 23. Qe1 Rd5 24. Bc4 Rd6 25. Be2 Nd5 26. Rac1 Qb8 27. Nc4 Rd8 28.
Bf3 Bc6 29. Ne5 Bb5 30. Rc5 b6 31. axb6 Qxb6 32. Bxd5 Rxd5 33. Rxd5 exd5 34. Qc3
f6 35. Ng6 Re8 36. Re1 Rxe1+ 37. Qxe1 Qxd4 38. Qe6+ Kh7 39. Nf8+ Kh8 40. Ng6+
Kh7 41. Nf8+ 1/2-1/2

[Event "13th EICC"]
[Site "Plovdiv BUL"]
[Date "2012.03.25"]
[Round "6.44"]
[White "Fedoseev, Vladimir3"]
[Black "Petrosian, Tigran L."]
[Result "0-1"]
[WhiteTitle "GM"]
[BlackTitle "GM"]
[WhiteElo "2548"]
[BlackElo "2643"]
[WhiteFideId "24130737"]
[BlackFideId "13301616"]
[EventDate "2012.03.20"]
[EventType "swiss"]

1. d4 d5 2. c4 c6 3. Nf3 Nf6 4. Nc3 dxc4 5. a4 Bf5 6. Ne5 Nbd7 7. Nxc4 Qc7 8. g3
e5 9. dxe5 Nxe5 10. Bf4 Nfd7 11. Bg2 g5 12. Bxe5 Nxe5 13. Qd4 f6 14. Ne3 Bg6 15.
a5 Qd6 16. Qxd6 Bxd6 17. a6 O-O-O 18. axb7+ Kxb7 19. O-O Bc5 20. Na4 Bxe3 21.
fxe3 Rd2 22. Rxf6 Rhd8 23. Re1 Rd1 24. Rff1 Rxe1 25. Rxe1 Rd2 26. e4 a5 27. h3
Rc2 28. Ra1 Ka6 29. Kf2 Bf7 30. Ke3 Bb3 31. Nc3 c5 32. h4 Nc4+ 33. Kf2 gxh4 34.
gxh4 Nxb2 35. Nd5 a4 36. h5 h6 37. Bh3 Nd3+ 38. Ke3 Nb4 39. Be6 Ka5 40. Bd7 Rc4
41. Nxb4 cxb4 42. e5 a3 43. e6 Ba4 44. Ra2 Rc3+ 45. Ke4 Rc2 46. Rxc2 Bxc2+ 47.
Ke3 Bf5 48. Bc8 a2 49. e7 a1=Q 50. e8=Q Qc3+ 51. Kf4 Bxc8 0-1

[Event "13th EICC"]
[Site "Plovdiv BUL"]
[Date "2012.03.25"]
[Round "6.45"]
[White "Nyback, Tomi"]
[Black "Grandelius, Nils"]
[Result "0-1"]
[WhiteTitle "GM"]
[BlackTitle "GM"]
[WhiteElo "2636"]
[BlackElo "2545"]
[WhiteFideId "503142"]
[BlackFideId "1710400"]
[EventDate "2012.03.20"]
[EventType "swiss"]

1. Nf3 d5 2. d4 Nf6 3. c4 e6 4. Nc3 Bb4 5. cxd5 exd5 6. Bg5 h6 7. Bh4 c5 8. e3
c4 9. Nd2 g5 10. Bg3 Bf5 11. Be2 O-O 12. h4 Re8 13. hxg5 hxg5 14. Be5 Nbd7 15.
f4 Bxc3 16. bxc3 b5 17. g4 Bh7 18. Rh6 Re6 19. fxg5 Nxe5 20. gxf6 Ng6 21. g5
Rxe3 22. Nf1 Rxc3 23. Qd2 b4 24. Ne3 Qd7 25. Kf2 Re8 26. Bg4 Qc7 27. Nf5 Rd3 28.
Qc1 Re4 29. Rxh7 Kxh7 30. Qh1+ Kg8 31. Bf3 Rxf3+ 0-1

[Event "13th EICC"]
[Site "Plovdiv BUL"]
[Date "2012.03.25"]
[Round "6.48"]
[White "Marin, Mihail"]
[Black "Vuckovic, Bojan"]
[Result "1/2-1/2"]
[WhiteTitle "GM"]
[BlackTitle "GM"]
[WhiteElo "2539"]
[BlackElo "2628"]
[WhiteFideId "1200020"]
[BlackFideId "922277"]
[EventDate "2012.03.20"]
[EventType "swiss"]

1. d4 Nf6 2. Nf3 c5 3. e3 g6 4. dxc5 Qa5+ 5. Nbd2 Bg7 6. a3 Qxc5 7. b4 Qc7 8.
Bb2 O-O 9. c4 b6 10. Be2 Bb7 11. O-O d6 12. Rc1 Nbd7 13. Qb3 Rac8 14. Rfe1 Qb8
15. Bf1 Qa8 16. e4 Bh6 17. Rcd1 Rfd8 18. Nd4 a6 19. f3 e5 20. Ne2 Nf8 21. Nc3
Ne6 22. Nd5 Bxd5 23. exd5 Nd4 24. Qd3 b5 25. Bxd4 exd4 26. Qxd4 Bg7 27. Kh1 a5
28. bxa5 bxc4 29. Nxc4 Rc5 30. Qf2 Nxd5 31. Nxd6 Rxa5 32. Nc4 Ra7 33. Ne3 Rxa3
34. Nxd5 Rxd5 35. Bc4 Rxd1 36. Rxd1 Ra1 37. Rxa1 Qxa1+ 38. Qf1 Qxf1+ 39. Bxf1
Bf6 40. g4 Kg7 1/2-1/2

[Event "13th EICC"]
[Site "Plovdiv BUL"]
[Date "2012.03.25"]
[Round "6.49"]
[White "Hracek, Zbynek"]
[Black "Rogozenco, Dorian"]
[Result "0-1"]
[WhiteTitle "GM"]
[BlackTitle "GM"]
[WhiteElo "2627"]
[BlackElo "2536"]
[WhiteFideId "300071"]
[BlackFideId "1210319"]
[EventDate "2012.03.20"]
[EventType "swiss"]

1. d4 Nf6 2. c4 e6 3. Nc3 Bb4 4. e3 O-O 5. Bd3 d5 6. Nf3 c5 7. O-O cxd4 8. exd4
dxc4 9. Bxc4 Bxc3 10. bxc3 Qc7 11. Qe2 Nbd7 12. Bg5 b6 13. Ne5 Bb7 14. Nxd7 Nxd7
15. Rac1 a6 16. Bd3 b5 17. a4 Bc6 18. c4 bxc4 19. Rxc4 Qd6 20. Bxh7+ Kxh7 21.
Qc2+ Kg8 22. Rxc6 Qxd4 23. Be3 Qh4 24. Rc4 Qh5 25. Bd4 Rfd8 26. h3 Nf8 27. Qc3
Qh7 28. Rc7 Rd5 29. Be3 Qf5 30. Qc6 Rdd8 31. Rc1 e5 32. g4 Qd3 33. Qf3 Qg6 34.
Qf5 Qxf5 35. gxf5 e4 36. R1c4 Re8 37. Rb7 Re5 38. Rc5 Rxc5 39. Bxc5 Nh7 40. Kg2
Nf6 41. a5 Rc8 42. Bb6 Nd5 43. Ra7 Rc2 44. Rd7 Rd2 45. Kh2 e3 46. Ra7 exf2 47.
Kg2 Nf4+ 48. Kf1 Nd3 49. Kg2 Rd1 50. Bxf2 Rd2 51. Rxa6 Rxf2+ 52. Kg3 Rxf5 53.
Ra8+ Kh7 54. a6 Ra5 55. a7 Nc1 56. Kh2 Ra2+ 0-1

[Event "13th EICC"]
[Site "Plovdiv BUL"]
[Date "2012.03.25"]
[Round "6.50"]
[White "Mchedlishvili, Mikheil"]
[Black "Michalik, Peter"]
[Result "1-0"]
[WhiteTitle "GM"]
[BlackTitle "GM"]
[WhiteElo "2626"]
[BlackElo "2529"]
[WhiteFideId "13600966"]
[BlackFideId "14907526"]
[EventDate "2012.03.20"]
[EventType "swiss"]

1. e4 e5 2. Nf3 Nc6 3. Bb5 Nf6 4. d3 Bc5 5. c3 O-O 6. O-O d6 7. Bg5 h6 8. Bh4
Bb6 9. Nbd2 Kh8 10. Nc4 g5 11. Bg3 Ne7 12. d4 Nxe4 13. dxe5 d5 14. Nxb6 axb6 15.
Nd2 Nxg3 16. fxg3 Bf5 17. h4 c6 18. Be2 Qc7 19. g4 Be6 20. Nf3 Bxg4 21. Qd4 Bxf3
22. Rxf3 c5 23. Qe3 Ng6 24. hxg5 Rae8 25. gxh6 Rxe5 26. Qf2 Rh5 27. Rh3 1-0

[Event "13th EICC"]
[Site "Plovdiv BUL"]
[Date "2012.03.25"]
[Round "6.53"]
[White "Andriasian, Zaven"]
[Black "Pridorozhni, Aleksei"]
[Result "1/2-1/2"]
[WhiteTitle "GM"]
[BlackTitle "GM"]
[WhiteElo "2616"]
[BlackElo "2524"]
[WhiteFideId "13302000"]
[BlackFideId "4127870"]
[EventDate "2012.03.20"]
[EventType "swiss"]

1. c4 e5 2. g3 Nf6 3. Bg2 d5 4. cxd5 Nxd5 5. Nc3 Nb6 6. Nf3 Nc6 7. O-O Be7 8. d3
O-O 9. Be3 Be6 10. Rc1 f6 11. a3 Qd7 12. Nd2 Nd5 13. Nxd5 Bxd5 14. Bxd5+ Qxd5
15. Qa4 Bd6 16. b4 a6 17. Qb3 Qxb3 18. Nxb3 Kf7 19. Rc4 Ke6 20. Rfc1 Kd7 21. Kg2
f5 22. a4 Nd8 23. Nc5+ Kc8 24. Bg5 b6 25. Nb3 Ne6 26. Bd2 Kd7 27. R4c2 Rfc8 28.
Rc6 Nd8 29. R6c2 Ne6 30. Rc6 Nd8 31. R6c2 Ne6 1/2-1/2

[Event "13th EICC"]
[Site "Plovdiv BUL"]
[Date "2012.03.25"]
[Round "6.54"]
[White "Guliyev, Namig"]
[Black "Guseinov, Gadir"]
[Result "1/2-1/2"]
[WhiteTitle "GM"]
[BlackTitle "GM"]
[WhiteElo "2532"]
[BlackElo "2616"]
[WhiteFideId "13400363"]
[BlackFideId "13401378"]
[EventDate "2012.03.20"]
[EventType "swiss"]

1. d4 Nf6 2. c4 g6 3. Nc3 Bg7 4. e4 d6 5. Nf3 O-O 6. Be2 Bg4 7. Be3 Nfd7 8. Qb3
Nc6 9. Rd1 Bxf3 10. Bxf3 e5 11. dxe5 dxe5 12. Ne2 Qe7 13. O-O Rfb8 14. c5 Nd4
15. Nxd4 exd4 16. Bxd4 Bxd4 17. Rxd4 Nxc5 18. Qa3 Re8 19. Rfd1 a5 20. Qe3 c6 21.
g3 a4 22. h4 h5 23. Bg2 a3 24. b4 Ne6 25. Rd6 Nf8 26. Qb3 Qe5 27. R1d2 Re6 28.
R6d4 Re7 29. f4 Qb5 30. Kh2 c5 31. Rc4 b6 32. e5 Raa7 33. Rd6 Rac7 34. Bf1 Rcd7
35. bxc5 Qxb3 36. axb3 bxc5 37. Ra4 Rxd6 38. exd6 Rd7 39. Rxa3 Rxd6 40. Kg2 Ne6
41. Kf2 Kg7 42. Bc4 Rd2+ 43. Ke3 Rg2 44. Ra7 Kf6 45. Kf3 Rc2 46. Rd7 Rc3+ 47.
Kf2 Rc2+ 48. Ke3 Rg2 49. Kf3 Rg1 50. Kf2 Rb1 51. Rd6 Rc1 52. Rc6 Rc2+ 53. Kf3
Rc3+ 54. Kg2 Rc2+ 55. Kh3 Rc3 56. Kg2 Rc2+ 1/2-1/2

[Event "13th EICC"]
[Site "Plovdiv BUL"]
[Date "2012.03.25"]
[Round "6.55"]
[White "Buhmann, Rainer"]
[Black "Goganov, Aleksey"]
[Result "0-1"]
[WhiteTitle "GM"]
[BlackTitle "IM"]
[WhiteElo "2614"]
[BlackElo "2517"]
[WhiteFideId "4651340"]
[BlackFideId "24109959"]
[EventDate "2012.03.20"]
[EventType "swiss"]

1. Nf3 Nf6 2. c4 e6 3. g3 a6 4. Bg2 b5 5. b3 c5 6. Nc3 Qb6 7. e4 Bb7 8. e5 Ne4
9. O-O Be7 10. Re1 Nxc3 11. dxc3 O-O 12. Bg5 f6 13. exf6 Bxf6 14. Qd3 Qc6 15.
Bxf6 Rxf6 16. Re3 h6 17. Rd1 bxc4 18. bxc4 Qc7 19. Ne5 Bxg2 20. Kxg2 Ra7 21. Re2
Rb7 22. Qe4 Rf5 23. f4 Rb6 24. Red2 d6 25. Ng4 Qd7 26. h4 a5 27. Ne5 Qc7 28. Ng6
Rf6 29. h5 Nd7 30. f5 exf5 31. Qe8+ Nf8 32. Ne7+ Kh7 33. Nd5 Qb7 34. Kh2 Nd7 35.
Nxf6+ Nxf6 36. Qg6+ Kh8 37. Qxf5 Rb2 38. Kg1 Rxd2 39. Rxd2 Qe7 40. Qc8+ Ng8 41.
Rf2 Qe1+ 42. Kg2 Qe4+ 43. Kh2 Qxc4 44. Qe8 Qxc3 45. a4 c4 46. Kh3 Qd4 47. Rf8
Qd5 48. Qf7 Qh1+ 49. Kg4 Qe4+ 50. Qf4 Qe2+ 51. Qf3 Qe7 52. Kh3 c3 53. Qf7 Qxf7
54. Rxf7 Nf6 55. Kg2 Ne4 56. Rf1 d5 57. Rf8+ Kh7 58. Kf3 c2 59. Rc8 Nd2+ 60. Ke2
Nb3 0-1

[Event "13th EICC"]
[Site "Plovdiv BUL"]
[Date "2012.03.25"]
[Round "6.56"]
[White "L'Ami, Erwin"]
[Black "Alonso Rosell, Alvar"]
[Result "1-0"]
[WhiteTitle "GM"]
[BlackTitle "IM"]
[WhiteElo "2611"]
[BlackElo "2513"]
[WhiteFideId "1007998"]
[BlackFideId "2270544"]
[EventDate "2012.03.20"]
[EventType "swiss"]

1. d4 d5 2. c4 c6 3. Nf3 Nf6 4. Nc3 dxc4 5. a4 Bf5 6. Ne5 Nbd7 7. Nxc4 Qc7 8.
Qd2 Be6 9. e3 Bxc4 10. Bxc4 e5 11. O-O Bd6 12. h3 O-O 13. Qc2 a5 14. Rd1 Rfe8
15. Bd2 h6 16. Be1 e4 17. Rac1 Nb6 18. Qb3 Nxc4 19. Qxc4 Qb6 20. d5 Qb4 21. Qa2
Be5 22. dxc6 bxc6 23. Nb5 Qxb2 24. Qxb2 Bxb2 25. Rxc6 Rec8 26. Rxc8+ Rxc8 27.
Rb1 Be5 28. Bxa5 Rc4 29. Bb4 Nd5 30. Bd6 Bxd6 31. Nxd6 Rxa4 32. Rb8+ Kh7 33.
Nxf7 Ra1+ 34. Kh2 Rf1 35. Kg3 Kg6 36. Ne5+ Kf5 37. Nd7 Ke6 38. Nc5+ Kf5 39. Rb5
Ke5 40. Nxe4 Kxe4 41. f3+ Kxe3 42. Rxd5 Re1 43. Re5+ Kd4 44. Re7 g5 45. Re4+ Kd5
46. h4 gxh4+ 47. Rxh4 Re6 48. Rh5+ Kd4 49. f4 Rg6+ 50. Kf3 Ra6 51. g3 Rb6 52.
Re5 Ra6 53. Kg4 Rg6+ 54. Kh4 Rf6 55. Kh5 1-0

[Event "13th EICC"]
[Site "Plovdiv BUL"]
[Date "2012.03.25"]
[Round "6.57"]
[White "Stefansson, Hannes"]
[Black "Smeets, Jan"]
[Result "0-1"]
[WhiteTitle "GM"]
[BlackTitle "GM"]
[WhiteElo "2531"]
[BlackElo "2610"]
[WhiteFideId "2300087"]
[BlackFideId "1007246"]
[EventDate "2012.03.20"]
[EventType "swiss"]

1. e4 c5 2. Nf3 d6 3. d4 cxd4 4. Nxd4 Nf6 5. Nc3 a6 6. Be3 e6 7. g4 e5 8. Nf5 g6
9. g5 gxf5 10. exf5 d5 11. Qf3 d4 12. O-O-O Nbd7 13. Bd2 Bb4 14. gxf6 dxc3 15.
Bg5 Qc7 16. Qg4 cxb2+ 17. Kb1 Bf8 18. Bc4 h5 19. Qe4 Nc5 20. Qf3 Bd7 21. Rhe1
O-O-O 22. Bxf7 Na4 0-1

[Event "13th EICC"]
[Site "Plovdiv BUL"]
[Date "2012.03.25"]
[Round "6.59"]
[White "Yilmaz, Mustafa"]
[Black "Aleksandrov, Aleksej"]
[Result "1/2-1/2"]
[WhiteTitle "IM"]
[BlackTitle "GM"]
[WhiteElo "2530"]
[BlackElo "2604"]
[WhiteFideId "6302718"]
[BlackFideId "13500139"]
[EventDate "2012.03.20"]
[EventType "swiss"]

1. d4 d5 2. c4 e6 3. Nf3 Nf6 4. Nc3 Bb4 5. Bg5 Nbd7 6. cxd5 exd5 7. Rc1 c6 8. a3
Bd6 9. e3 O-O 10. Bd3 Re8 11. O-O Nf8 12. Bh4 Bg4 13. Qc2 Bh5 14. b4 Bg6 15. Bg3
Bxd3 16. Qxd3 a5 17. Qb1 Bxg3 18. hxg3 Qd6 19. bxa5 Re7 20. Qb4 Qd8 21. Na4 Rxa5
22. Nc5 Rb5 23. Qc3 Ne6 24. a4 Ra5 25. Qb4 Nxc5 26. Rxc5 Ra7 27. Rb1 Ne4 28. Rc2
h5 29. Nd2 Nd6 30. Ra2 Re6 31. Qb6 Qxb6 32. Rxb6 Re8 33. Rb1 Rea8 34. Rba1 Nc4
35. Nb3 Kf8 36. Kf1 Ke7 37. Ke2 Kd6 38. Kf3 g5 39. Ke2 f6 40. Kf3 b6 41. Ke2 g4
42. Nc1 Rh8 43. Kd3 h4 44. gxh4 Rxh4 45. Ne2 Rh2 46. e4 Re7 47. exd5 cxd5 48.
Ng3 Ke6 49. Re1+ Kf7 50. Rxe7+ Kxe7 51. Nf5+ Ke6 52. Ne3 Nxe3 53. fxe3 g3 54. e4
Rh4 55. Rb2 dxe4+ 1/2-1/2

[Event "13th EICC"]
[Site "Plovdiv BUL"]
[Date "2012.03.25"]
[Round "6.60"]
[White "Sebenik, Matej"]
[Black "Rakhmanov, Aleksandr"]
[Result "1-0"]
[WhiteTitle "IM"]
[BlackTitle "GM"]
[WhiteElo "2529"]
[BlackElo "2602"]
[WhiteFideId "14602296"]
[BlackFideId "4173708"]
[EventDate "2012.03.20"]
[EventType "swiss"]

1. Nf3 c5 2. c4 Nc6 3. Nc3 g6 4. e3 Bg7 5. d4 cxd4 6. exd4 d6 7. d5 Ne5 8. Nxe5
Bxe5 9. Be2 Bg7 10. O-O Nh6 11. Bd2 Nf5 12. Re1 O-O 13. Bf1 Bd7 14. a4 e5 15.
Ne4 a5 16. b4 b6 17. Bc3 Qc7 18. bxa5 bxa5 19. Qd2 Rfe8 20. f4 f6 21. c5 dxc5
22. d6 Qa7 23. Bc4+ Kh8 24. fxe5 fxe5 25. Ng5 e4 26. Nf7+ Kg8 27. Nh6+ Kh8 28.
Bxg7+ Kxg7 29. Nxf5+ Bxf5 30. Qc3+ Kh6 31. Rad1 Rad8 32. Qf6 e3 33. g4 e2 34.
Rxe2 Rxe2 35. Bxe2 c4+ 36. Kg2 Qe3 37. Bf3 Bxg4 38. Bxg4 Qg5 39. Qxg5+ Kxg5 40.
Be6 c3 41. d7 Kf6 42. Bh3 h5 43. Rd6+ Ke5 44. Rxg6 Kd5 45. Kf2 c2 46. Rg1 Kc4
47. Rc1 Kb3 48. Ke3 1-0

[Event "13th EICC"]
[Site "Plovdiv BUL"]
[Date "2012.03.25"]
[Round "6.61"]
[White "Solak, Dragan"]
[Black "Simacek, Pavel"]
[Result "1/2-1/2"]
[WhiteTitle "GM"]
[BlackTitle "IM"]
[WhiteElo "2602"]
[BlackElo "2447"]
[WhiteFideId "916811"]
[BlackFideId "307165"]
[EventDate "2012.03.20"]
[EventType "swiss"]

1. e4 e5 2. Nf3 Nc6 3. Bb5 f5 4. Nc3 fxe4 5. Nxe4 Nf6 6. Nxf6+ Qxf6 7. Qe2 Be7
8. Bxc6 bxc6 9. Nxe5 O-O 10. O-O Qe6 11. Re1 Bc5 12. Nf3 Qxe2 13. Rxe2 d6 14. d4
Bb6 15. Be3 Bg4 16. c4 c5 17. dxc5 dxc5 18. Rd2 Bxf3 19. gxf3 Rxf3 20. Rad1 Raf8
21. Rd3 h6 22. Ra3 a5 23. Rd5 R3f6 24. Rad3 Kh7 25. Rd2 Re8 26. b3 a4 27. bxa4
Ra8 28. Bxc5 Rxa4 29. Bxb6 cxb6 30. Rd6 Rxd6 31. Rxd6 Rxc4 32. Rxb6 Ra4 33. Rb2
Kg6 34. Kf1 Kf5 35. Kg2 Ra3 36. Kg1 h5 37. Rb5+ Kg6 38. Rb6+ Kf5 39. Rb5+ Kg6
40. Rb6+ Kf5 1/2-1/2

[Event "13th EICC"]
[Site "Plovdiv BUL"]
[Date "2012.03.25"]
[Round "6.62"]
[White "Heberla, Bartlomiej"]
[Black "Vajda, Levente"]
[Result "1-0"]
[WhiteTitle "GM"]
[BlackTitle "GM"]
[WhiteElo "2525"]
[BlackElo "2597"]
[WhiteFideId "1115120"]
[BlackFideId "1203975"]
[EventDate "2012.03.20"]
[EventType "swiss"]

1. c4 Nf6 2. Nc3 g6 3. g3 Bg7 4. Bg2 O-O 5. Nf3 d6 6. O-O c6 7. d3 a5 8. a3 Nbd7
9. Rb1 Nb6 10. Bd2 Re8 11. b4 axb4 12. axb4 d5 13. b5 c5 14. cxd5 Nfxd5 15. Nxd5
Nxd5 16. Qb3 h6 17. b6 Be6 18. Qb5 Qd6 19. Rfc1 Rec8 20. e4 Bd7 21. Qb3 Nb4 22.
d4 Be6 23. dxc5 Qxd2 24. Nxd2 Bxb3 25. Nxb3 e5 26. Bf1 Bf8 27. Bb5 Rab8 28. Ra1
Nc6 29. Bxc6 Rxc6 30. Ra7 Kg7 31. Kf1 h5 32. Ke2 Kf6 33. Ra5 Rbc8 34. Kd3 Kg5
35. f3 h4 36. Rb5 hxg3 37. hxg3 f5 38. Kc4 Ra8 39. Kb4 Ra6 40. Kc4 Ra4+ 41. Kd3
fxe4+ 42. fxe4 Ra3 43. Kc4 Ra4+ 44. Kd5 Rf6 45. Ra1 Rxa1 46. Nxa1 Kg4 47. Nb3
Kxg3 48. Na5 Bxc5 49. Kxc5 Rf7 50. Kd5 g5 51. Nc4 1-0

[Event "13th EICC"]
[Site "Plovdiv BUL"]
[Date "2012.03.25"]
[Round "6.64"]
[White "Mastrovasilis, Athanasios"]
[Black "Zhigalko, Andrey"]
[Result "1/2-1/2"]
[WhiteTitle "GM"]
[BlackTitle "GM"]
[WhiteElo "2510"]
[BlackElo "2590"]
[WhiteFideId "4201990"]
[BlackFideId "13502247"]
[EventDate "2012.03.20"]
[EventType "swiss"]

1. d4 Nf6 2. c4 g6 3. Nc3 d5 4. e3 Bg7 5. cxd5 Nxd5 6. Nxd5 Qxd5 7. Ne2 O-O 8.
Nc3 Qd8 9. Bc4 c5 10. d5 Nd7 11. e4 Nb6 12. Be2 e6 13. d6 Be5 14. Bh6 Re8 15.
Be3 Bxd6 16. Bb5 Rf8 17. Bh6 a6 18. Bxf8 Qxf8 19. Be2 Bd7 20. Qb3 Bc7 21. Rd1
Bc6 22. O-O Rb8 23. e5 c4 24. Bxc4 Nxc4 25. Qxc4 Bxe5 26. Rfe1 Bg7 27. Qf4 h6
28. Rd3 Rd8 29. Red1 Rxd3 30. Rxd3 g5 31. Qd6 Qxd6 32. Rxd6 h5 33. f3 g4 34. Rd3
Kh7 35. Kf2 Kg6 36. h3 gxf3 37. gxf3 Be5 38. Rd8 Kg5 39. Rg8+ Kh6 40. Ke3 Bg7
41. Kf4 Kh7 42. Rd8 Kg6 43. Rd1 Bh6+ 44. Kg3 Bg7 45. Kf4 Bh6+ 46. Kg3 Bg7 47.
Kf4 1/2-1/2

[Event "13th EICC"]
[Site "Plovdiv BUL"]
[Date "2012.03.25"]
[Round "6.66"]
[White "Brkic, Ante"]
[Black "Klein, David"]
[Result "1-0"]
[WhiteTitle "GM"]
[BlackTitle "FM"]
[WhiteElo "2587"]
[BlackElo "2418"]
[WhiteFideId "14506688"]
[BlackFideId "1003623"]
[EventDate "2012.03.20"]
[EventType "swiss"]

1. e4 c5 2. Nf3 d6 3. d4 cxd4 4. Qxd4 a6 5. c4 Nc6 6. Qe3 g6 7. h3 Bg7 8. Be2
Nf6 9. O-O O-O 10. Nc3 Nd7 11. Rb1 Nde5 12. Rd1 Nxf3+ 13. Bxf3 Qa5 14. Bd2 Qc5
15. Nd5 Rb8 16. b4 Qxc4 17. Rbc1 Qd4 18. Rxc6 Qxe3 19. Bxe3 bxc6 20. Nxe7+ Kh8
21. Nxc6 Rb7 22. Rxd6 Rd7 23. Bc5 Rxd6 24. Bxd6 Re8 25. a4 Bd7 26. e5 Bxc6 27.
Bxc6 Rxe5 28. Bxe5 Bxe5 29. a5 Bc3 30. b5 axb5 31. a6 Bd4 32. Bxb5 Kg7 33. h4 h6
34. Kf1 Kf6 35. f4 Ke6 36. Bd3 Kd6 37. Ke2 Kc7 38. Kf3 Kb6 39. g3 Bc3 40. Ke2
Bb4 41. g4 Be7 42. g5 hxg5 43. hxg5 f5 44. Bc4 Bd8 45. Kf3 Ka7 46. Bf7 Kxa6 47.
Bxg6 Kb6 48. Bxf5 Kc5 49. Bc2 Kd6 50. Kg4 Ke7 51. Kh5 Kf7 52. Kh6 Kg8 53. Kg6
Kh8 54. f5 Bb6 55. f6 Be3 56. Kf5 Kg8 57. g6 Bh6 58. Bb3+ Kh8 59. Ke6 Bg7 60.
fxg7+ 1-0

[Event "13th EICC"]
[Site "Plovdiv BUL"]
[Date "2012.03.25"]
[Round "6.68"]
[White "Savchenko, Boris"]
[Black "Popilski, Gil"]
[Result "0-1"]
[WhiteTitle "GM"]
[BlackTitle "IM"]
[WhiteElo "2580"]
[BlackElo "2389"]
[WhiteFideId "4147332"]
[BlackFideId "2809060"]
[EventDate "2012.03.20"]
[EventType "swiss"]

1. e4 c5 2. Nf3 d6 3. d4 cxd4 4. Qxd4 Nc6 5. Qe3 Nf6 6. h3 d5 7. exd5 Nxd5 8.
Qb3 e6 9. Bd2 Bc5 10. Nc3 O-O 11. Be2 Nxc3 12. Bxc3 e5 13. Qc4 Qe7 14. O-O Be6
15. Qa4 Bd5 16. Rfe1 Rad8 17. Rad1 e4 18. Bf1 e3 19. fxe3 Bxf3 20. Rxd8 Rxd8 21.
gxf3 Nb4 22. Kh1 a6 23. Bxb4 Bxb4 24. c3 Bc5 25. f4 Rd2 26. Bg2 Rxb2 27. Qe4 Qf8
28. a4 g6 29. Rb1 Rxb1+ 30. Qxb1 Bxe3 31. Qxb7 a5 32. Bd5 Bxf4 33. Qa7 Qe8 34.
Qf2 Qe5 35. c4 Kg7 36. Kg2 h5 37. h4 Qf5 38. Qd4+ Be5 39. Qe4 Qg4+ 40. Qxg4 hxg4
41. c5 f5 42. Kf1 Kh6 43. Ke2 Kh5 44. Kd3 Kxh4 45. Kc4 Kh3 46. Kb5 g3 47. Kxa5
g2 48. Bxg2+ Kxg2 49. Kb4 f4 50. a5 f3 51. a6 Bb8 52. c6 f2 53. c7 Bxc7 54. a7
f1=Q 55. a8=Q+ Qf3 56. Qc8 Bd6+ 0-1